000 00724nam a2200217Ii 4500
003 JO-AjNU
008 230605s9999||||xx |||||||||||||| ||und||
017 _a2004/14877
020 _a977-327-493-4
040 _aJO-AjNU
_bara
_erda
_cJO-AjNU
041 _aara
050 1 4 _aPJ7507.S8482 2004
100 3 _aسليمان،سليمان محمد,
_eauthor
_924245
245 0 0 _aرؤى نقدية في دراسات أدبية
264 3 1 _aالقاهرة: دار الوفاء لدنيا الطباعة والنشر، 2004
300 _a239ص
336 _atext
_btxt
_2rdacontent
337 _aunmediated
_bn
_2rdamedia
338 _avolume
_bnc
_2rdacarrier
650 4 _aالادب العربي-تاريخ ونقد
_924246
999 _aA8898
_c12466
_d12466